| 000 | 01505cam a22003614a 4500 | ||
|---|---|---|---|
| 999 |
_c127061 _d127061 |
||
| 001 | 16516939 | ||
| 003 | ARRUPE | ||
| 005 | 20171016114518.0 | ||
| 008 | 101025s2007 nyub b 001 0beng | ||
| 010 | _a 2010513545 | ||
| 020 | _a9781586481865 (hardcover) | ||
| 020 | _a158648186X (hardcover) | ||
| 020 | _a9781586485580 (pbk.) | ||
| 020 | _a158648558X (pbk.) | ||
| 040 |
_aDLC _cDLC |
||
| 043 | _af-rh--- | ||
| 050 | 0 | 0 |
_aDT3000.M28 _bM47 2007 |
| 100 | 1 |
_aMeredith, Martin. _926407 |
|
| 245 | 1 | 0 |
_aRobert Mugabe : _bpower, plunder, and the struggle for Zimbabwe / _cMartin Meredith. |
| 260 |
_aJohannesburg: _bJonathan Ball Publishers, _cc2007. |
||
| 300 |
_a243 p. : _c24 cm. |
||
| 600 | 1 | 0 |
_aMugabe, Robert Gabriel, _d1924- _917726 |
| 651 | 0 |
_aZimbabwe _xPolitics and government _y1980- _936922 |
|
| 651 | 0 |
_aZimbabwe _xSocial conditions _y1980- _936923 |
|
| 700 | 1 |
_aMeredith, Martin. _tOur votes, our guns. _936924 |
|
| 906 |
_a7 _bcbc _corignew _d2 _encip _f20 _gy-gencatlg |
||
| 942 |
_2lcc _cMONOGRAPH |
||